Phân lập, tuyển chọn và ứng dụng vi khuẩn phân giải keratin trong chăn nuôi : Luận án Tiến sĩ. Chuyên ngành Vi sinh vật học
Khảo sát tình trạng chất thải lỏng ở các cơ sở giết mổ gia súc gia cầm tại thành phố Cần Thơ, Vĩnh Long và Đồng Tháp; phân lập, tuyển chọn và nhận diện vi khuẩn hiếu khí phân giải keratin mạnh từ chất thải chăn nuôi và chế biến gia súc...
Shranjeno v:
| Glavni avtor: | |
|---|---|
| Format: | Knjiga |
| Jezik: | Undetermined |
| Izdano: |
Cần Thơ
Trường Đại học Cần Thơ
2017
|
| Teme: | |
| Oznake: |
Označite
Brez oznak, prvi označite!
|
| Thư viện lưu trữ: | Trung tâm Học liệu Trường Đại học Cần Thơ |
|---|
| LEADER | 01187nam a2200205Ia 4500 | ||
|---|---|---|---|
| 001 | CTU_225558 | ||
| 008 | 210402s9999 xx 000 0 und d | ||
| 082 | |a 579.3 | ||
| 082 | |b T120 | ||
| 100 | |a Quách, Thị Thanh Tâm | ||
| 245 | 0 | |a Phân lập, tuyển chọn và ứng dụng vi khuẩn phân giải keratin trong chăn nuôi : | |
| 245 | 0 | |b Luận án Tiến sĩ. Chuyên ngành Vi sinh vật học | |
| 245 | 0 | |c Quách Thị Thanh Tâm ; Bùi Thị Minh Diệu, Nguyễn Nhựt Xuân Dung (Cán bộ hướng dẫn) | |
| 260 | |a Cần Thơ | ||
| 260 | |b Trường Đại học Cần Thơ | ||
| 260 | |c 2017 | ||
| 520 | |a Khảo sát tình trạng chất thải lỏng ở các cơ sở giết mổ gia súc gia cầm tại thành phố Cần Thơ, Vĩnh Long và Đồng Tháp; phân lập, tuyển chọn và nhận diện vi khuẩn hiếu khí phân giải keratin mạnh từ chất thải chăn nuôi và chế biến gia súc gia cầm. | ||
| 650 | |a Microbiology,Vi sinh học | ||
| 910 | |b nthai | ||
| 980 | |a Trung tâm Học liệu Trường Đại học Cần Thơ | ||